000 00916nam a22001817a 4500
999 _c95777
_d95777
003 NALT
005 20191213152612.0
008 190226b ||||| |||| 00| 0 tha d
040 _aNALT
245 _aHarper's BAZAAR
260 _a194 ซ.ปรีดีพนมยงค์ 46 (ซ.จิตรวารี) ถ.สุขุมวิท 71 แขวงคลองตันเหนือ เขตวัฒนา กรุงเทพฯ 10110
_bบริษัท มีเดีย เอกซ์เพอร์ทีส อินเตอร์เชั่นแนล (ประเทศไทย) จำกัด
310 _aรายเดือน
500 _aวารสารรายชื่อนี้รับมาแทน Lonely Planet ที่ได้หยุดผลิต
850 _aNALT
942 _cJNR
_s1
_2lcc
_04
998 _ajintana